Khía cạnh văn hóa trong cách thức chăm lo sức khỏe của người cao tuổi /

محفوظ في:
التفاصيل البيبلوغرافية
المؤلف الرئيسي: Lê Văn Khảm.
التنسيق: مقال
اللغة:Vietnamese
الموضوعات:
الوسوم: إضافة وسم
لا توجد وسوم, كن أول من يضع وسما على هذه التسجيلة!
Thư viện lưu trữ: Thư viện Trường Đại học Đà Lạt
LEADER 00852nam a2200277 4500
001 DLU180183724
005 ##20180228
040 # # |a DLU  |b vie 
041 # # |a vie 
044 # # |a vn 
100 # # |a Lê Văn Khảm. 
245 # # |a Khía cạnh văn hóa trong cách thức chăm lo sức khỏe của người cao tuổi /  |c Lê Văn Khảm. 
653 # # |a Chăm sóc sức khỏe  
653 # # |a Người cao tuổi 
653 # # |a Văn hóa truyền thống 
773 # # |t Tạp chí Nghiên cứu Con người = Human Studies  |g Số 5(74), 2014, tr. 59-69 
920 # # |a Phòng Tạp chí -- Trung tâm Thông tin - Thư viện Trường Đại học Đà Lạt 
933 # # |a XH 
994 # # |a DLU 
900 # # |a True 
911 # # |a Hoàng Thị Huyền 
925 # # |a G 
926 # # |a A 
927 # # |a BB 
980 # # |a Thư viện Trường Đại học Đà Lạt